Statistics for top 15 nba players right now

Click here to take the quiz!

General Stats

  • This quiz has been taken 7 times
  • The average score is 14 of 15

Answer Stats

HintAnswer% Correct
warriorscurry
100%
bucksgiannis
100%
sixersjames harden
100%
nuggetsjokic
100%
netskevin durant
100%
lakerslebron
100%
mavsluka
100%
sunsdevin booker
86%
sixersembiid
86%
grizzliesja morant
86%
timberwolveskarl anthony towns
86%
clipperskawhi
86%
celticstatum
86%
heatjimmy butler
71%
hawksTrae young
71%

Score Distribution

Percentile by Number Answered

Percent of People with Each Score

Your Score History

You have not taken this quiz